000 00407nam a2200157Ia 4500
999 _c14134
_d14134
003 OSt
005 20260218173738.0
008 260210s9999 xx 000 0 und d
020 _a9789887476764
082 _a741.6
100 _aFengyan
245 0 _aSketch Like a Pro: Product Design Sketching Technique and Presentation
260 _bSendPoints SP / Li Fengyan
300 _a180p;
942 _cBDES
_2ddc